| 000 | 00701nam a22002417a 4500 | ||
|---|---|---|---|
| 999 |
_c3636 _d3636 |
||
| 003 | AR-CdUCM | ||
| 008 | 190307b ||||| |||| 00| 0 spa d | ||
| 040 |
_aMUNICIPALIDAD PROVINCIAL DEL CUSCO _cBIBLIOTECA MUNICIPAL DEL CUSCO |
||
| 041 | _hsue | ||
| 082 |
_27ed. _a839.77 / _bL174 |
||
| 100 |
_aLagerkvist, Pär Fabian _911858 |
||
| 245 | _aBarrabás / | ||
| 260 |
_aBuenos Aires . _bEmecé, _c1952 |
||
| 300 |
_a152 paginas ; _c17 cm. |
||
| 500 | _atitulo original : Barabbas | ||
| 505 | _aNovela | ||
| 650 |
_aGrandes novelistas _911859 |
||
| 650 |
_aNovelas Suecas _911860 |
||
| 650 |
_aLiteratura _983 |
||
| 700 |
_aAldao, Martin (Traductor) _911861 |
||
| 942 |
_2ddc _cLIBROS |
||
| 945 | _awnts | ||